000 00602cam a22002053a 4500
001 41174
003 PGUSA
005 20140828083928.0
008 121025s2012||||xxu|||||s|||||000 | eng d
040 _aPGUSA
_beng
042 _adc
100 1 _aHabershon, Matthew Henry
245 1 4 _aThe Wave of Scepticism and the Rock of Truth
_h[electronic resource] /
_cMatthew Henry Habershon
260 _bProject Gutenberg,
_c2012
506 _aPublic domain in the USA.
516 _aElectronic text
830 0 _aProject Gutenberg
_v41174
856 4 0 _uhttp://www.gutenberg.org/ebooks/41174
942 _cEB
999 _c270426
_d270426